000 01150cam a22003497a 4500
003 CHAP
005 20220329143012.0
008 050620s1999 us a r 00010 eng d
010 _a90505
011 _a91477
035 _a102036
040 _cCHAP
082 0 4 _a631.45
_bA3
100 0 0 _aAdriano, D.C.
_ecoed.
_9966
245 1 0 _aBioremediation of contaminated soils
_c/coed. by D.C. Adriano (and others)
260 _aMadison, Wis. :
_bAmerican Society of Agronomy,
_c1999.
300 _a820 p. ;
_bgráfs.
410 1 2 _aAmerican Society of Agronomy
490 0 _aAgronomy
_v; 37
590 _aBATCH-UPD
_b10
_c20130110
_lUCH01
_h0636
590 _aBATCH-UPD
_b10
_c20130410
_lUCH01
_h0320
590 _aBATCH-UPD
_b10
_c20130913
_lUCH01
_h1938
590 _aCONVERSION
_b10
_c20130109
_lUCH01
_h1350
650 0 4 _aBiodegradación.
_912723
650 0 4 _aSuelos
_xContaminación.
_9110327
810 0 0 _aAmerican Society of Agronomy
_95292
830 0 _aAgronomy
_v; 37
_92198
901 _aBK
905 _aAlejandra Carrasco M.
942 _cLIBRO
949 _a631.45 A3
_bBC
_cLIBRO
_d33724000957098
_eLIBRO
_h105769
_i102036
_kI.224633
_si
_t$ 1 029.00
999 _c90505
_d90505